Equipes n'ayant jamais participé à un Euro (football masculin) - Statistiques

Statistiques générales
  • Ce quiz a été pris 250 fois
  • Le résultat moyen est 15 sur 21
Statistiques - réponses
Réponse % Correct
Andorre
92%
Estonie
90%
Saint-Marin
90%
Lituanie
89%
Luxembourg
84%
Liechtenstein
83%
Malte
83%
Biélorussie
82%
Kosovo
79%
Moldavie
76%
Chypre
75%
Monténégro
74%
Arménie
67%
Géorgie
64%
Gibraltar
64%
Azerbaïdjan
61%
Bosnie-Herzégovine
58%
Kazakhstan
54%
Israël
53%
Îles Féroé
52%
Serbie
41%
Aucun quiz correspondant
Distribution des résultats
% des personnes avec chaque résultat
Percentile par nombre de réponses
Votre historique - résultats
Vous n’avez pas pris ce quiz